[Event "POL-chT2"]
[Site "Jastrzebia Gora POL"]
[Date "2016.09.??"]
[Round "1.25"]
[White "Praszak, Michal"]
[Black "Szelag, Marcin"]
[Result "0-1"]
[WhiteElo "2140"]
[BlackElo "2449"]
[EventDate "2016.09.05"]

1.d4 Nf6 2.c4 g6 3.Nc3 Bg7 4.e4 d6 5.Be2 O-O 6.Bg5 c5 7.d5 h6 8.Be3 e6 9.
h3 exd5 10.exd5 Re8 11.Nf3 a6 12.O-O b5 13.cxb5 Ne4 14.Nxe4 Rxe4 15.a4 Rb4
16.Ne1 axb5 17.Bxb5 Bd7 18.Bxd7 Qxd7 19.Nd3 Rbxa4 20.Rxa4 Qxa4 21.Qxa4 
Rxa4 22.b3 Ra6 23.Rc1 Ra3 24.Rb1 Nd7 25.Bf4 c4 26.Nc1 c3 27.Ne2 Ra2 28.Re1
Nb6 29.Bxd6 Nxd5 30.Bc5 Rb2 31.Nc1 Rb1 32.Kf1 c2 33.Re8+ Kh7 34.Ba3 Ra1 
35.Ra8 Nc3 36.Ra5 Na2 37.Bb2 Bxb2 38.Rxa2 Rxc1+ 0-1

[Event "POL-chT2"]
[Site "Jastrzebia Gora POL"]
[Date "2016.09.??"]
[Round "1.26"]
[White "Przybylski, Wojciech"]
[Black "Stoma, Pawel"]
[Result "1/2-1/2"]
[WhiteElo "2364"]
[BlackElo "2346"]
[EventDate "2016.09.05"]

1.e4 c6 2.Nc3 d5 3.Nf3 Bg4 4.h3 Bxf3 5.Qxf3 e6 6.d4 Qb6 7.Bd3 Nf6 8.O-O 
Qxd4 9.Be3 Qb4 10.exd5 Nxd5 11.Nxd5 cxd5 12.c4 Nc6 13.cxd5 exd5 14.Qxd5 
Rd8 15.Qf5 Be7 16.Be4 g6 17.Bxc6+ bxc6 18.Qe5 O-O 19.Rac1 Bd6 20.Qf6 Rfe8 
21.a3 Qb8 22.Bd4 Bh2+ 23.Kh1 Be5 24.Bxe5 Qxe5 25.Qxe5 Rxe5 26.Rc2 a5 27.g3
Rd3 28.Kg2 h5 29.Rfc1 Rb3 30.Rd2 Rd5 31.Re2 h4 32.gxh4 c5 33.Rc4 Kg7 34.
Rec2 Rb5 35.R4c3 Kh6 36.Kg3 f5 37.Re3 Rd4 38.Rec3 c4 39.Rxc4 Rxc4 40.Rxc4 
Rxb2 41.Ra4 Rb5 42.f3 Rd5 43.Rc4 Rd3 44.Ra4 Rd5 45.Kf2 Rb5 46.Ke2 Kh5 47.
Kf2 Rb2+ 48.Kg3 Rb5 49.Rc4 Rb3 50.Ra4 1/2-1/2

[Event "POL-chT2"]
[Site "Jastrzebia Gora POL"]
[Date "2016.09.??"]
[Round "1.27"]
[White "Lobejko, Rafal"]
[Black "Urban, Klaudiusz"]
[Result "1/2-1/2"]
[WhiteElo "2341"]
[BlackElo "2419"]
[EventDate "2016.09.05"]

1.Nf3 c5 2.g3 g6 3.Bg2 Bg7 4.O-O Nc6 5.c4 e6 6.Nc3 Nge7 7.a3 O-O 8.Rb1 d5 
9.d3 b6 10.Bd2 a5 11.Nb5 h6 12.Qc1 Kh7 13.Bc3 e5 14.b4 d4 15.Be1 f5 16.
bxc5 bxc5 17.e3 f4 18.exf4 exf4 19.Bd2 Bf5 20.Qc2 g5 21.gxf4 gxf4 22.Bxf4 
Bg4 23.Bc7 Qd7 24.Nd2 Bh3 25.Bg3 Bxg2 26.Kxg2 Ng6 27.Ne4 Nf4+ 28.Kh1 Ne5 
29.f3 Qc6 30.Nbd6 Kh8 31.Rb5 Nfxd3 32.Bxe5 Nxe5 33.Rxc5 Qd7 34.Rb5 Ra7 35.
Qg2 Nxc4 36.Qg6 Nxd6 37.Nxd6 Qh3 38.Rf2 Rc7 39.Rb1 Qd7 40.Ne4 Qf7 41.Qxf7 
Rfxf7 42.Rb5 a4 43.Kg2 Bf8 44.Rd2 Bxa3 45.Rxd4 Ra7 46.Nc3 1/2-1/2

[Event "POL-chT2"]
[Site "Jastrzebia Gora POL"]
[Date "2016.09.??"]
[Round "1.28"]
[White "Schmidt, Wlodzimierz"]
[Black "Miroslaw, Michal"]
[Result "1/2-1/2"]
[WhiteElo "2305"]
[BlackElo "2283"]
[EventDate "2016.09.05"]

1.Nf3 Nf6 2.c4 d6 3.d4 Bg4 4.Qb3 Qc8 5.g3 Nbd7 6.Bg2 c6 7.Nc3 e5 8.Be3 Be7
9.h3 Bxf3 10.exf3 exd4 11.Bxd4 Nc5 12.Qc2 Ne6 13.Be3 O-O 14.O-O d5 15.Ne2 
dxc4 16.Qxc4 Nd5 17.Kh2 Bf6 18.Qb3 Qc7 19.Nc3 Bxc3 20.bxc3 Rad8 21.Rad1 
Nxe3 22.fxe3 Rxd1 23.Rxd1 Rd8 24.Rxd8+ Nxd8 25.f4 Ne6 26.e4 a5 27.e5 b5 
28.Qd1 g6 29.Qf3 c5 30.f5 gxf5 31.Qxf5 Qd8 32.Qg4+ Kh8 33.Qe2 b4 34.cxb4 
axb4 35.Be4 Qd4 36.Bd3 Kg7 37.h4 h6 38.Bc4 Nd8 39.Bb3 Kf8 40.Kh3 Ke7 41.
Kh2 Nc6 42.e6 Ne5 43.exf7 Qd2 44.Qxd2 Nf3+ 45.Kh3 Nxd2 46.Be6 c4 47.Kg4 c3
48.Bf5 Kxf7 49.Kf4 b3 50.axb3 Nxb3 51.Ke3 Kf6 52.Bh7 Ke5 53.g4 Nd4 54.g5 
hxg5 55.hxg5 c2 56.Bxc2 Nxc2+ 57.Ke4 1/2-1/2

[Event "POL-chT2"]
[Site "Jastrzebia Gora POL"]
[Date "2016.09.??"]
[Round "1.29"]
[White "Polkowski, Piotr"]
[Black "Diczew, Filip"]
[Result "0-1"]
[WhiteElo "2130"]
[BlackElo "2139"]
[EventDate "2016.09.05"]

1.e4 c5 2.Nf3 e6 3.Nc3 a6 4.d4 cxd4 5.Nxd4 Qc7 6.Bd3 Nc6 7.Nxc6 dxc6 8.Be3
Nf6 9.Qf3 Bd6 10.Bd4 e5 11.Be3 Be6 12.h3 b5 13.O-O O-O 14.Ne2 c5 15.Ng3 c4
16.Be2 Qc6 17.Bg5 Nd7 18.Nf5 Bxf5 19.Qxf5 Nc5 20.Bf3 Ne6 21.Be3 Rad8 22.
Rfd1 Bc7 23.Rd5 Nd4 24.Bxd4 exd4 25.Rd1 Bb6 26.Qf4 g6 27.Qg5 Rxd5 28.Qxd5 
Qxd5 29.exd5 Rd8 30.Kf1 Kf8 31.Re1 Bc5 32.g3 a5 33.Bg2 b4 34.Bf3 Be7 35.
Ke2 Bf6 36.Kd2 d3 37.cxd3 c3+ 38.Kc2 cxb2 39.Kb1 Bd4 40.Re2 a4 41.Re4 Bc3 
42.Rc4 a3 43.g4 Ke7 44.Rc6 b3 45.d6+ Ke6 46.Rb6 Bd4 47.Rb4 Rc8 48.Rc4 
bxa2+ 49.Kxa2 Rb8 0-1

[Event "POL-chT2"]
[Site "Jastrzebia Gora POL"]
[Date "2016.09.??"]
[Round "1.30"]
[White "Warakomska, Anna"]
[Black "Toma, Katarzyna"]
[Result "1/2-1/2"]
[WhiteElo "2267"]
[BlackElo "2259"]
[EventDate "2016.09.05"]

1.d4 d6 2.c4 Nf6 3.g3 g6 4.Bg2 Bg7 5.Nc3 O-O 6.Nf3 Nbd7 7.e4 e5 8.h3 c6 9.
O-O Re8 10.Re1 Qc7 11.Be3 a5 12.Qc2 b6 13.Rac1 Ba6 14.dxe5 dxe5 15.Na4 
Rad8 16.Red1 Bf8 17.Ne1 Qb8 18.Nd3 c5 19.b3 Bb7 20.Nc3 Bg7 21.a3 Nf8 22.b4
axb4 23.axb4 cxb4 24.Nxb4 Rxd1+ 25.Rxd1 Ne6 26.Nb5 Rd8 27.Nd5 Nc5 28.Bg5 
Bxd5 29.exd5 h6 30.Bxf6 Bxf6 31.d6 Kg7 32.Rd5 Ne6 33.Qa2 Nd4 34.Nxd4 exd4 
35.d7 Qc7 36.Qa4 Be5 37.Qb5 Bd6 38.Rxd4 Rxd7 39.Qc6 Qxc6 40.Bxc6 Rd8 41.
Kg2 1/2-1/2

[Event "POL-chT2"]
[Site "Jastrzebia Gora POL"]
[Date "2016.09.??"]
[Round "2.1"]
[White "Gazik, Viktor"]
[Black "Szelag, Marcin"]
[Result "1-0"]
[WhiteElo "2431"]
[BlackElo "2449"]
[EventDate "2016.09.05"]

1.f4 d5 2.Nf3 g6 3.g3 Bg7 4.Bg2 c6 5.c3 Nf6 6.O-O Nbd7 7.Qe1 O-O 8.h3 Re8 
9.d4 Ne4 10.g4 f6 11.Nbd2 e5 12.fxe5 Nxd2 13.Bxd2 fxe5 14.Qf2 e4 15.Nh2 
Qe7 16.Bg5 Qe6 17.Qh4 Nb6 18.Bf6 Nc4 19.Bxg7 Kxg7 20.g5 Qe7 21.Rf6 Bf5 22.
b3 Ne3 23.Qg3 Nxg2 24.Kxg2 Rf8 25.Rxf8 Rxf8 26.b4 h6 27.gxh6+ Kxh6 28.Rf1 
g5 29.Rf2 Kg6 30.h4 Rh8 31.hxg5 Rh3 32.Qf4 Qe6 33.Nf1 Rh5 34.Ng3 Rxg5 35.
Kh2 Bg4 36.Qf8 Bh5 37.Rf4 Bg4 38.Qh8 Qd6 39.Qg8+ Kh6 40.Qh8+ Kg6 41.Rxg4 
Rxg4 42.Qh5+ 1-0

[Event "POL-chT2"]
[Site "Jastrzebia Gora POL"]
[Date "2016.09.??"]
[Round "2.2"]
[White "Przybylski, Wojciech"]
[Black "Panczyk, Krzysztof"]
[Result "1-0"]
[WhiteElo "2364"]
[BlackElo "2361"]
[EventDate "2016.09.05"]

1.e4 e5 2.Nf3 Nc6 3.d4 exd4 4.Nxd4 Bc5 5.Be3 Qf6 6.c3 Nge7 7.Bc4 b6 8.O-O 
Bb7 9.f4 O-O-O 10.Qd2 Bxd4 11.cxd4 d5 12.e5 Qe6 13.Be2 Nf5 14.Bf2 h5 15.
Na3 f6 16.Nc2 g5 17.Bd3 Rhf8 18.Rae1 gxf4 19.Bxf5 Qxf5 20.Bh4 fxe5 21.Bxd8
Rxd8 22.dxe5 Nxe5 23.Nd4 Qd3 24.Qxf4 Ng6 25.Qf6 Ba6 26.Rf3 Qd2 27.Qe6+ Kb7
28.Nb3 Qc2 29.Rc3 1-0

[Event "POL-chT2"]
[Site "Jastrzebia Gora POL"]
[Date "2016.09.??"]
[Round "2.3"]
[White "Sarwinski, Miroslaw"]
[Black "Urban, Klaudiusz"]
[Result "0-1"]
[WhiteElo "2301"]
[BlackElo "2419"]
[EventDate "2016.09.05"]

1.d4 Nf6 2.c4 c5 3.d5 e6 4.Nc3 exd5 5.cxd5 d6 6.e4 g6 7.Nf3 a6 8.a4 Bg4 9.
Be2 Bxf3 10.Bxf3 Bg7 11.O-O O-O 12.Re1 Nbd7 13.Bf4 Qe7 14.a5 Rfe8 15.h3 
Rac8 16.Ra3 Ne5 17.Be2 Qd8 18.Qd2 h5 19.Bg5 Ned7 20.g4 hxg4 21.hxg4 Qc7 
22.f3 c4 23.Ra4 Ne5 24.Be3 Nfd7 25.Kg2 Nc5 26.Bxc5 Qxc5 27.f4 Nd7 28.Bf3 
g5 29.e5 dxe5 30.fxg5 Qd4 31.Qc1 Nc5 32.Ne2 Qd3 33.Rd1 Nxa4 34.Rxd3 cxd3 
35.Qd2 dxe2 36.Be4 Nc5 37.Bf5 Rcd8 38.g6 fxg6 39.Bxg6 Rf8 40.Qxe2 Rxd5 41.
Qc4 Rd8 42.b4 Ne6 43.Be4 R5d6 44.Bxb7 Kf7 45.Bxa6 Kf6 46.Kg3 Bh6 47.g5+ 
Bxg5 48.Qg4 Rxa6 0-1

[Event "POL-chT2"]
[Site "Jastrzebia Gora POL"]
[Date "2016.09.??"]
[Round "2.4"]
[White "Schmidt, Wlodzimierz"]
[Black "Gmaj, Krzysztof"]
[Result "1/2-1/2"]
[WhiteElo "2305"]
[BlackElo "2183"]
[EventDate "2016.09.05"]

1.d4 f5 2.Nf3 Nf6 3.g3 g6 4.Bg2 Bg7 5.b4 O-O 6.Bb2 Ne4 7.c4 c6 8.O-O d5 9.
Nbd2 Be6 10.Qc2 Nd7 11.a4 a5 12.cxd5 Bxd5 13.Nxe4 Bxe4 14.Qc3 Nb6 15.bxa5 
Nd5 16.Qb3 Qxa5 17.Ng5 Bxg2 18.Kxg2 Bf6 19.Ne6 Rfc8 20.Nc5 b6 21.Nd3 Kh8 
22.Rfc1 Qd2 23.Rc2 Qa5 24.Rc4 Qd2 25.Rc2 Qa5 26.Rc4 Qd2 27.Rc2 1/2-1/2

[Event "POL-chT2"]
[Site "Jastrzebia Gora POL"]
[Date "2016.09.??"]
[Round "2.5"]
[White "Morkisz, Bogdan"]
[Black "Diczew, Filip"]
[Result "1/2-1/2"]
[WhiteElo "2048"]
[BlackElo "2139"]
[EventDate "2016.09.05"]

1.e4 c5 2.Nc3 e6 3.g3 Nc6 4.Bg2 Nf6 5.Nge2 Be7 6.O-O a6 7.d4 cxd4 8.Nxd4 
Qc7 9.Be3 d6 10.h3 Bd7 11.Nb3 Ne5 12.f4 Nc4 13.Bc1 Rc8 14.Qe2 b5 15.a3 
Qb6+ 16.Kh1 h5 17.Qf2 Qxf2 18.Rxf2 Bd8 19.Re2 Bb6 20.Nd1 Ng4 21.Bf3 Bc6 
22.Kg2 Nf6 23.Nd2 Nxd2 24.Bxd2 d5 25.exd5 Bxd5 26.Bxd5 Nxd5 27.Nc3 Ne7 28.
Be3 Bxe3 29.Rxe3 Nf5 30.Rd3 a5 31.Kf3 b4 32.axb4 axb4 33.Ne4 O-O 34.c3 
bxc3 35.Nxc3 Rb8 36.Rd2 Rb3 37.Ra3 Rfb8 38.Rxb3 Rxb3 39.g4 Ne7 40.Ke4 Rb4+
41.Ke3 1/2-1/2

[Event "POL-chT2"]
[Site "Jastrzebia Gora POL"]
[Date "2016.09.??"]
[Round "2.6"]
[White "Warakomska, Anna"]
[Black "Gazikova, Veronika"]
[Result "1-0"]
[WhiteElo "2267"]
[BlackElo "2231"]
[EventDate "2016.09.05"]

1.e4 Nf6 2.e5 Nd5 3.d4 d6 4.Nf3 g6 5.Bc4 Nb6 6.Bb3 Bg7 7.O-O O-O 8.a4 a5 
9.h3 Nc6 10.Qe2 d5 11.Bf4 f6 12.e6 f5 13.Nc3 Ra6 14.Nb5 Na8 15.Ng5 Rf6 16.
c3 h6 17.Nf7 Qf8 18.Bxd5 Nd8 19.Nxd8 Qxd8 20.Ba2 Bxe6 21.Be5 Bxa2 22.Bxf6 
Re6 23.Qc2 Bc4 24.Bxg7 Bxf1 25.Qb3 Kxg7 26.Qxe6 Bd3 27.Re1 c6 28.Na3 Be4 
29.f3 1-0

[Event "POL-chT2"]
[Site "Jastrzebia Gora POL"]
[Date "2016.09.??"]
[Round "2.7"]
[White "Jarmula, Lukasz"]
[Black "Praszak, Michal"]
[Result "1/2-1/2"]
[WhiteElo "2350"]
[BlackElo "2140"]
[EventDate "2016.09.05"]

1.d4 c5 2.d5 e5 3.e4 d6 4.Nc3 a6 5.a4 Be7 6.h3 Bg5 7.Bxg5 Qxg5 8.Nf3 Qe7 
9.Bd3 Nf6 10.Nd2 O-O 11.Nc4 Nbd7 12.O-O b6 13.Ra3 Rb8 14.Rb3 g6 15.Qe2 Ne8
16.Ne3 Nc7 17.g4 Ra8 18.Kh2 Ne8 19.Rg1 h6 20.Nc4 Rb8 21.Ne3 Ra8 22.Nc4 Rb8
23.Qe3 Kh7 24.f4 f6 25.f5 g5 26.Kg2 Kg7 27.Rh1 Nc7 28.Na3 Rh8 29.Be2 Bb7 
30.Rd1 Kf7 31.Ncb1 Rbg8 32.c4 a5 33.Qd2 Qd8 34.Rh1 Na6 35.Nb5 Ke7 36.Kf2 
Nb4 37.Rg3 Ba6 38.N1c3 Bxb5 39.Nxb5 Nb8 40.h4 Kd7 41.Rgh3 Qf8 42.Bd1 N8a6 
43.Ke1 Qg7 44.Be2 Nc7 45.Nc3 Ne8 46.Kd1 Qf8 47.Kc1 Rh7 48.Bd1 Rhg7 49.Be2 
Nc7 50.Nd1 Kc8 51.Ne3 Kb7 52.Nf1 Qe8 53.b3 Rf7 54.Ng3 Rgf8 55.Bf1 Qd7 56.
Qh2 Ne8 57.hxg5 hxg5 58.Rh7 Na6 59.Qh6 Rxh7 60.Qxh7 Rf7 61.Qg8 Nac7 62.Rh6
Rg7 63.Qh8 Qe7 64.Nh5 Rf7 65.Be2 1/2-1/2

[Event "POL-chT2"]
[Site "Jastrzebia Gora POL"]
[Date "2016.09.??"]
[Round "2.8"]
[White "Stoma, Pawel"]
[Black "Shkapenko, Pavel"]
[Result "1-0"]
[WhiteElo "2346"]
[BlackElo "2426"]
[EventDate "2016.09.05"]

1.e4 Nf6 2.e5 Nd5 3.c4 Nb6 4.d4 d6 5.exd6 exd6 6.Nc3 Be7 7.Be3 O-O 8.Rc1 
Re8 9.Nf3 Bg4 10.Be2 Nc6 11.b3 Bxf3 12.Bxf3 Bg5 13.Qd2 Bxe3 14.fxe3 Qh4+ 
15.Kd1 a5 16.Nd5 Nxd5 17.cxd5 Ne7 18.Rxc7 Nf5 19.Re1 a4 20.b4 Rac8 21.Rxc8
Rxc8 22.g3 Qf6 23.Qd3 Qg6 24.Re2 Ne7 25.Qxg6 hxg6 26.Rc2 f5 27.Rxc8+ Nxc8 
28.b5 g5 29.Kd2 Kf7 30.Kc3 Nb6 31.g4 g6 32.Kb4 Ke7 33.e4 Kf6 34.h3 f4 35.
Be2 Ke7 36.Ka5 f3 37.Bxf3 Nc4+ 38.Kxa4 b6 39.Kb4 Na5 40.e5 Nb7 41.Be4 Kf7 
42.a4 Na5 43.Bb1 Nb7 44.Kc3 Kg7 45.Kd2 Kf7 46.Ke3 Kg7 47.Kf3 Kf7 48.Kg3 
Kg7 49.Kg2 Kf7 50.Kf3 Kg7 51.Kg3 Kh6 52.e6 Kg7 53.h4 gxh4+ 54.Kxh4 Kf6 55.
g5+ Kg7 56.e7 Kf7 57.Bxg6+ Kxe7 58.Kh5 Kf8 59.Kh6 Kg8 60.Bh7+ 1-0

[Event "POL-chT2"]
[Site "Jastrzebia Gora POL"]
[Date "2016.09.??"]
[Round "2.9"]
[White "Mickiewicz, Piotr"]
[Black "Lobejko, Rafal"]
[Result "1-0"]
[WhiteElo "2367"]
[BlackElo "2341"]
[EventDate "2016.09.05"]

1.e4 d6 2.d4 Nf6 3.Nc3 g6 4.f4 Bg7 5.Nf3 O-O 6.Be3 c6 7.Bd3 Nbd7 8.e5 Ng4 
9.Bg1 Nb6 10.h3 Nh6 11.Qe2 dxe5 12.dxe5 Nd5 13.Nxd5 Qxd5 14.g4 Qa5+ 15.c3 
Be6 16.Be3 f6 17.f5 Bd5 18.e6 Rfd8 19.O-O gxf5 20.gxf5 Qc7 21.Kg2 Qe5 22.
c4 Be4 23.Bxh6 Bxd3 24.Nxe5 Bxe2 25.Rf2 Bxh6 26.Nf7 Bh5 27.Nxh6+ Kg7 28.
Ng4 Rd4 29.Kg3 Rad8 30.b3 Re4 31.Rg1 Rdd4 32.Kh4 Be8 33.Kg3 h5 34.Nh2 h4+ 
35.Kg2 Bh5 36.Kh1+ Kh6 37.Rfg2 Rd1 38.Rg8 Rxg1+ 39.Kxg1 Rf4 40.Rb8 Kg5 41.
Rxb7 Kxf5 42.Rxe7 Re4 43.Rh7 Kg6 44.Rxa7 Re1+ 45.Nf1 Rxe6 46.Rd7 f5 47.b4 
Kg5 48.b5 c5 49.a4 Be2 50.Nd2 Kf4 51.Kf2 Bd1 52.a5 Re2+ 53.Kg1 Re1+ 54.Kf2
Re2+ 55.Kf1 Ke3 56.b6 1-0

[Event "POL-chT2"]
[Site "Jastrzebia Gora POL"]
[Date "2016.09.??"]
[Round "2.10"]
[White "Miroslaw, Michal"]
[Black "Bartel, Michal"]
[Result "0-1"]
[WhiteElo "2283"]
[BlackElo "2327"]
[EventDate "2016.09.05"]

1.d4 Nf6 2.Nc3 d5 3.Bf4 e6 4.e3 c5 5.Nf3 Qa5 6.Bb5+ Bd7 7.Bxd7+ Nbxd7 8.
O-O Be7 9.Ne5 Nxe5 10.Bxe5 O-O 11.Bxf6 Bxf6 12.Ne2 b5 13.c3 b4 14.Qd2 Rab8
15.Rfc1 bxc3 16.Rxc3 c4 17.Qc2 Rb5 18.b3 Rfb8 19.Rc1 Be7 20.e4 cxb3 21.
Rxb3 Rxb3 22.axb3 dxe4 23.Qc7 Qxc7 24.Rxc7 Rxb3 25.g3 Bd6 26.Rd7 Bf8 27.
Rxa7 g6 28.Rc7 Rd3 29.Kf1 Rd1+ 30.Kg2 Bh6 31.Rd7 Rd3 32.g4 e5 33.Rd8+ Kg7 
34.h4 Bf4 35.Rd6 Rd2 36.Kf1 Rd1+ 37.Kg2 Re1 38.Nxf4 exf4 39.Rd8 h6 40.d5 
Kf6 41.d6 e3 42.d7 Ke7 43.Rf8 Rd1 44.d8=Q+ Rxd8 45.Rxd8 e2 46.Rd4 e1=Q 47.
Rxf4 Ke6 48.Rf3 Qe4 49.Kg3 Qe5+ 50.Kg2 Qd5 51.Kg3 f5 52.gxf5+ gxf5 53.Re3+
Kf6 54.Rf3 Qe4 55.Rf4 Qh1 56.Rb4 Qg1+ 57.Kf3 Kg6 58.Rf4 Qh2 59.Ke3 Kf6 60.
Kf3 Ke5 61.Rb4 Qh1+ 62.Ke2 f4 63.Rb5+ Kf6 64.h5 Qe4+ 0-1

[Event "POL-chT2"]
[Site "Jastrzebia Gora POL"]
[Date "2016.09.??"]
[Round "2.11"]
[White "Czajkowski, Adam"]
[Black "Panas, Pawel"]
[Result "1/2-1/2"]
[WhiteElo "2095"]
[BlackElo "2100"]
[EventDate "2016.09.05"]

1.e4 e6 2.Nf3 d5 3.Nc3 d4 4.Ne2 c5 5.Ng3 Nc6 6.a3 Bd6 7.Bc4 Nge7 8.d3 Ng6 
9.O-O h6 10.Nh5 O-O 11.g3 Re8 12.Ne1 e5 13.Ng2 Bh3 14.f4 exf4 15.Nhxf4 
Bxf4 16.gxf4 Nh4 17.Nxh4 Qxh4 18.Rf2 Bg4 19.Qf1 Bh3 20.Qe1 Ne7 21.Bb5 Red8
22.Bd2 Qh5 23.f5 a6 24.Bc4 Nc6 25.Bf4 Re8 26.Qd2 Rad8 27.Kh1 Bg4 28.Raf1 
Rd7 29.b4 cxb4 30.axb4 Kh7 31.Bd5 Ne7 32.Bb3 Nc6 33.Bg3 Bh3 34.Rg1 Bg4 35.
Rgf1 Bh3 36.Rg1 Bg4 37.Rgf1 Bh3 1/2-1/2

[Event "POL-chT2"]
[Site "Jastrzebia Gora POL"]
[Date "2016.09.??"]
[Round "2.12"]
[White "Toma, Katarzyna"]
[Black "Gasik, Anna"]
[Result "1-0"]
[WhiteElo "2259"]
[BlackElo "2184"]
[EventDate "2016.09.05"]

1.e4 c5 2.Nf3 e6 3.d4 cxd4 4.Nxd4 Nc6 5.Nxc6 bxc6 6.Bd3 Nf6 7.O-O d5 8.Nc3
Be7 9.Qe2 O-O 10.Kh1 c5 11.b3 Bb7 12.e5 Nd7 13.f4 g6 14.Bd2 Re8 15.Rf3 Rc8
16.Rh3 Bf8 17.Re1 Nb6 18.f5 exf5 19.Bxf5 Bg7 20.e6 fxe6 21.Bxe6+ Kh8 22.
Qg4 Qf6 23.Rxh7+ Kxh7 24.Qh3+ 1-0

[Event "POL-chT2"]
[Site "Jastrzebia Gora POL"]
[Date "2016.09.??"]
[Round "2.13"]
[White "Skawinski, Arkadiusz"]
[Black "Szwed, Jacek"]
[Result "0-1"]
[WhiteElo "2340"]
[BlackElo "2330"]
[EventDate "2016.09.05"]

1.e4 c5 2.c3 e6 3.d4 d5 4.e5 Nc6 5.Nf3 Bd7 6.a3 Nge7 7.Bd3 cxd4 8.cxd4 Nf5
9.Bc2 Qb6 10.Bxf5 exf5 11.Nc3 Be6 12.O-O Be7 13.b4 O-O 14.h4 Rfc8 15.Qd3 
Nb8 16.Be3 Qa6 17.b5 Qa5 18.Bd2 Qd8 19.Na4 Nd7 20.g3 Nb6 21.Ba5 Rc4 22.Nb2
Rc7 23.Qb3 Rac8 24.Nd3 Qd7 25.a4 Rc4 26.Rfd1 h6 27.Nb2 f4 28.Qd3 Bf5 29.
Qe2 Rc2 30.Rd2 Be4 31.Kh2 Qg4 32.Ra3 Bxa3 0-1

[Event "POL-chT2"]
[Site "Jastrzebia Gora POL"]
[Date "2016.09.??"]
[Round "2.14"]
[White "Adamowicz, Katarzyna"]
[Black "Luch, Michal"]
[Result "0-1"]
[WhiteElo "2167"]
[BlackElo "2436"]
[EventDate "2016.09.05"]

1.e4 Nf6 2.e5 Nd5 3.d4 d6 4.c4 Nb6 5.exd6 cxd6 6.Be3 g6 7.Nc3 Bg7 8.Rc1 
O-O 9.Be2 Bf5 10.Nf3 Bg4 11.O-O Nc6 12.b3 d5 13.c5 Nc8 14.b4 a6 15.a3 e6 
16.Ne1 Bxe2 17.Nxe2 N8e7 18.f4 b5 19.Nf3 a5 20.Ne5 axb4 21.axb4 Ra3 22.Bf2
f6 23.Nxc6 Nxc6 24.Nc3 Na7 25.Qe2 Qd7 26.Qb2 Ra6 27.Ra1 Rxa1 28.Rxa1 Nc6 
29.Ra6 Rb8 30.Qa3 f5 31.Rb6 Rxb6 32.cxb6 Qb7 33.Nxb5 Qxb6 34.Qa8+ Bf8 35.
Qe8 Nxb4 36.Bh4 Qc6 37.Qxc6 Nxc6 38.Bf6 Bb4 39.Kf2 Kf7 40.Bg5 Ke8 41.Ke3 
Kd7 42.Kd3 Na5 43.Nc3 Bxc3 44.Kxc3 Kc6 45.Kb4 Nc4 46.Kc3 Kb5 47.h3 Ka4 48.
Be7 Ne3 49.g3 Nd1+ 50.Kd2 Nf2 51.Ke2 Ne4 52.g4 Kb3 53.g5 Kc3 54.Ke3 Nd2 
55.Bc5 Nb3 56.Bb6 Na1 57.Ke2 Nc2 58.Ba5+ Kc4 59.Bd8 Kxd4 60.Bf6+ Ke4 61.
Kd2 Ne3 62.Kc3 Ng2 63.Kb4 Nxf4 64.Kc5 Nxh3 65.Kd6 f4 66.Ke5 0-1

[Event "POL-chT2"]
[Site "Jastrzebia Gora POL"]
[Date "2016.09.??"]
[Round "2.15"]
[White "Butkiewicz, Lukasz"]
[Black "Lach, Piotr"]
[Result "1-0"]
[WhiteElo "2441"]
[BlackElo "2128"]
[EventDate "2016.09.05"]

1.e4 c6 2.d4 d5 3.e5 Bf5 4.Nf3 e6 5.Be2 Nd7 6.O-O Bg6 7.c3 Ne7 8.Na3 Nf5 
9.Nc2 h5 10.a4 Be7 11.b4 h4 12.h3 b6 13.b5 cxb5 14.axb5 Qc7 15.Qd2 f6 16.
exf6 gxf6 17.Ba3 Nd6 18.Bxd6 Bxd6 19.Ne3 Bf4 20.c4 dxc4 21.Rfc1 Be4 22.
Rxc4 Qd6 23.Rac1 Kf7 24.Rc6 Bxc6 25.Rxc6 Qa3 26.d5 e5 27.d6 Bxe3 28.fxe3 
Nc5 29.Bc4+ Kg7 30.Rc7+ Kg6 31.Qe1 Raf8 32.Kh2 Rh5 33.Nxh4+ Kh6 34.Qg3 Rg5
35.Nf5+ Kg6 36.Rg7+ 1-0

[Event "POL-chT2"]
[Site "Jastrzebia Gora POL"]
[Date "2016.09.??"]
[Round "2.16"]
[White "Kudas, Damian"]
[Black "Plichta, Kamil"]
[Result "1/2-1/2"]
[WhiteElo "2120"]
[BlackElo "2342"]
[EventDate "2016.09.05"]

1.d4 Nf6 2.Nf3 e6 3.c4 c5 4.Nc3 cxd4 5.Nxd4 Nc6 6.Ndb5 d6 7.Bf4 e5 8.Bg5 
a6 9.Na3 Be7 10.Bxf6 Bxf6 11.e4 Bg5 12.Nc2 O-O 13.Be2 f5 14.exf5 Bxf5 15.
O-O Kh8 16.Nd5 Be6 17.Bf3 Ne7 18.Nce3 Bxe3 19.Nxe3 Nc6 20.Bd5 Bxd5 21.Nxd5
Qa5 22.a3 Rae8 23.b4 Qd8 24.Qg4 Nd4 25.Rad1 Re6 26.Qe4 Ree8 27.Rfe1 Qc8 
28.Nb6 Qc6 29.Qxc6 bxc6 30.c5 Nc2 31.Re2 Nd4 32.Ree1 Nc2 33.Re2 Nd4 34.
Ree1 Nc2 35.Re2 Nd4 36.Ree1 Nc2 37.Re2 Nd4 38.Ree1 Nc2 39.Re2 Nd4 40.Ree1 
Nc2 1/2-1/2

[Event "POL-chT2"]
[Site "Jastrzebia Gora POL"]
[Date "2016.09.??"]
[Round "2.17"]
[White "Bronowicki, Mateusz"]
[Black "Stanach, Fabian"]
[Result "1-0"]
[WhiteElo "2277"]
[BlackElo "2058"]
[EventDate "2016.09.05"]

1.c4 c5 2.g3 Nc6 3.Bg2 g6 4.Nc3 Bg7 5.Nf3 e5 6.O-O Nge7 7.a3 d6 8.Rb1 Be6 
9.d3 h6 10.b4 Qd7 11.Ne1 cxb4 12.axb4 d5 13.b5 Nd8 14.Qa4 dxc4 15.dxc4 Rc8
16.Nd5 Nxd5 17.cxd5 Bxd5 18.Ba3 Rc4 19.Rb4 Rc8 20.Bxd5 Qxd5 21.Rb1 Rc4 22.
Qxa7 e4 23.Ng2 Qd4 24.Qxd4 Bxd4 25.Nf4 g5 26.Nd5 Be5 27.Rfd1 Ne6 28.e3 f6 
29.Nb6 Rc7 30.Bd6 Bxd6 31.Rxd6 Kf7 32.Rbd1 Re8 33.Nd5 Rc5 34.Rd7+ Kg6 35.
Rxb7 g4 36.b6 Rc2 37.Nf4+ Nxf4 38.gxf4 Re6 39.Rc7 Rb2 40.b7 Reb6 41.Rdd7 
R6b5 42.Rg7+ Kf5 43.b8=Q Rxb8 44.Rc5+ Ke6 45.Rxg4 Rd2 46.f5+ Kd6 47.Ra5 
Rb1+ 48.Kg2 Rbb2 49.Rf4 Re2 50.Kg3 h5 51.Rxe4 Rxf2 52.Re6+ Kc7 53.Ra7+ Kb8
54.Rh7 h4+ 55.Kg4 Rg2+ 56.Kf3 Rgf2+ 57.Ke4 Rb7 58.Rxb7+ Kxb7 59.h3 Rh2 60.
Rxf6 Rxh3 61.Rh6 Kc7 62.Kd4 Rh1 63.Ke5 h3 64.Rh7+ Kc6 65.f6 h2 66.f7 Rf1 
67.Ke6 Rxf7 68.Kxf7 Kd5 1-0

[Event "POL-chT2"]
[Site "Jastrzebia Gora POL"]
[Date "2016.09.??"]
[Round "2.18"]
[White "Chrzaszcz, Malvina"]
[Black "Zmarzly, Aleksandra"]
[Result "1-0"]
[WhiteElo "2039"]
[BlackElo "1973"]
[EventDate "2016.09.05"]

1.e4 c5 2.Nf3 d6 3.d4 cxd4 4.Nxd4 Nf6 5.Nc3 a6 6.Bg5 e6 7.f4 h6 8.Bh4 Nbd7
9.Qf3 Qc7 10.O-O-O Be7 11.Bd3 g5 12.fxg5 Ne5 13.Qe2 Nfg4 14.Kb1 hxg5 15.
Bg3 Bd7 16.h3 Nf6 17.Nf3 Nh5 18.Bh2 Rc8 19.Rhf1 b5 20.Nxe5 dxe5 21.Qf3 Rh7
22.Nd5 exd5 23.exd5 Rh8 24.Qxf7+ Kd8 25.Bg6 Be8 26.d6 Bxd6 27.Qe6 Bd7 28.
Rxd6 1-0

[Event "POL-chT2"]
[Site "Jastrzebia Gora POL"]
[Date "2016.09.??"]
[Round "2.19"]
[White "Cyborowski, Lukasz"]
[Black "Simacek, Pavel"]
[Result "1/2-1/2"]
[WhiteElo "2530"]
[BlackElo "2448"]
[EventDate "2016.09.05"]

1.d4 Nf6 2.c4 c5 3.d5 e6 4.Nc3 exd5 5.cxd5 d6 6.e4 g6 7.f4 Bg7 8.Bb5+ Nfd7
9.a4 O-O 10.Nf3 Na6 11.O-O Nb4 12.Re1 a6 13.Bf1 Nf6 14.h3 b6 15.Be3 Re8 
16.Bf2 Nh5 17.Qd2 Bh6 18.g3 Bb7 19.Rad1 Qc7 20.e5 Rad8 21.Bg2 Qb8 22.exd6 
Rxe1+ 23.Qxe1 Qxd6 24.Ne5 Qf8 25.Nc4 b5 26.Na5 Ba8 27.axb5 axb5 28.Nc6 Re8
29.Qd2 Nxc6 30.dxc6 Rc8 31.Nxb5 Bxc6 32.Nd6 Bxg2 33.Kxg2 Rc7 34.Qa5 Qb8 
35.Ne4 Bf8 36.Qc3 Bg7 37.Qc4 Nf6 38.Nxc5 Qxb2 39.Rd8+ Bf8 40.Qd4 Qxd4 41.
Bxd4 Kg7 42.Ne4 Be7 43.Rd6 Bxd6 44.Bxf6+ Kf8 45.Nxd6 Rc6 46.Ne4 h5 47.Kf3 
Ra6 48.Bd4 Ra4 49.Ke3 Ke7 50.Nc3 Ra5 51.Ke4 Ke6 52.Nd1 Ra2 53.Ne3 Rh2 54.
Kf3 Rd2 55.Bc5 Rh2 56.f5+ Ke5 57.Bb4 Kd4 58.Bf8 h4 59.Bg7+ Kc5 60.Ng2 hxg3
61.Kxg3 Rh1 62.fxg6 fxg6 63.Nf4 Rb1 64.Nxg6 Rg1+ 1/2-1/2

[Event "POL-chT2"]
[Site "Jastrzebia Gora POL"]
[Date "2016.09.??"]
[Round "2.20"]
[White "Sieciechowicz, Marcin"]
[Black "Nurkiewicz, Maciej"]
[Result "1/2-1/2"]
[WhiteElo "2457"]
[BlackElo "2373"]
[EventDate "2016.09.05"]

1.d4 Nf6 2.c4 g6 3.Nc3 d5 4.Nf3 Bg7 5.Qa4+ c6 6.cxd5 Nxd5 7.e4 Nxc3 8.bxc3
O-O 9.Be2 c5 10.O-O cxd4 11.cxd4 Bg4 12.Be3 Nc6 13.Rab1 Bxf3 14.Bxf3 Nxd4 
15.Rxb7 Nxf3+ 16.gxf3 e6 17.Rxa7 Rxa7 18.Qxa7 Qh4 19.Kg2 Be5 20.h3 Rb8 21.
Qc5 Bf4 22.Rd1 Ra8 23.a3 Qf6 24.Bxf4 Qxf4 25.Qe7 Qb8 26.Rd7 Qe8 27.Qd6 Qf8
28.Qxf8+ Kxf8 29.Rd3 Ra4 30.Kf1 f5 31.exf5 exf5 32.Ke2 Ke7 33.Kd2 Rh4 34.
Kc3 Rxh3 35.a4 Rh1 36.a5 Ra1 37.Kb4 g5 38.Rd5 Ke6 39.Rd8 h5 40.Rh8 h4 41.
f4 g4 42.Rxh4 Kd5 43.Rh8 1/2-1/2

[Event "POL-chT2"]
[Site "Jastrzebia Gora POL"]
[Date "2016.09.??"]
[Round "2.21"]
[White "Bartel, Marta"]
[Black "Sabuk, Piotr"]
[Result "0-1"]
[WhiteElo "2330"]
[BlackElo "2333"]
[EventDate "2016.09.05"]

1.Nf3 Nf6 2.g3 d5 3.Bg2 e6 4.O-O Be7 5.d3 O-O 6.Nbd2 c5 7.e4 Nc6 8.Re1 a5 
9.a4 b6 10.e5 Nd7 11.Nf1 Ba6 12.h4 b5 13.axb5 Bxb5 14.Bf4 c4 15.dxc4 Bxc4 
16.Ne3 Bb5 17.h5 Rc8 18.Ng4 Ba6 19.c3 Nc5 20.Re3 h6 21.Nd4 Nxd4 22.cxd4 
Ne4 23.f3 Ng5 24.Bxg5 hxg5 25.Rb3 Bc4 26.Rb7 Rb8 27.Rxb8 Qxb8 28.Rxa5 Qxb2
29.h6 Bb4 30.Ra7 Bc3 31.Kh2 Bxd4 32.Rb7 Qxb7 33.Qxd4 Qb1 34.Qe3 Qg6 35.f4 
Qh5+ 36.Bh3 Bf1 37.Nf2 Bxh3 38.Nxh3 g4 0-1